Brisbane City Trivia - Statistics

General Stats
  • This quiz has been taken 270 times
  • The average score is 11 of 20
Answer Stats
Hint Answer % Correct
Australian state in which Brisbane is located Queensland
100%
Event that will be hosted in 2032 Summer Olympics
87%
"Coast" cities near Brisbane Gold Coast
82%
Brisbane City Hall is located adjacent to this public square King {George} Square
79%
River on which Brisbane is located Brisbane River
78%
"Coast" cities near Brisbane Sunshine Coast
77%
Australian rules football team of Brisbane Brisbane {Lions}
75%
Event that destroyed around 100 structuresin Brisbane in 1864 Great {Fire} of Brisbane
74%
Heritage-listed bridge that is the longest cantilever bridge in Australia {Story} Bridge
70%
What the B in Brisbane CBD stands for Business
68%
Event hosted in 1982 Commonwealth Games
57%
Brisbane-native actor of "Euphoria" and "Saltburn" {Jacob} Elordi
49%
Event hosted in 1988 World Expo
49%
Sea that Brisbane overlooks Coral Sea
48%
Brisbane's name in the Turrbal language,the indigenous local language {Meaan}jin
48%
Historic neighbourhood that was consideredthe slum district of Brisbane (namesake of a type of swamp animal) {Frog}'s Hollow
33%
New South Wales governor for whomthe city was named Sir {Thomas} Brisbane
29%
One of the nicknames of Brisbane Queen City of the {North}
17%
The word "Brisbane" means to break this type of organ part Bone
13%
Allied supreme military command that washeadquartered in Brisbane during WWII {South} {West} Pacific
9%
No matching quizzes found
Score Distribution
Percent of People with Each Score
Percentile by Number Answered
Your Score History
You have not taken this quiz